Aktuálne otázky výučby podnikovej ekonomiky
Uložené v:
| Hlavný autor: | |
|---|---|
| Korporativný autor: | |
| Ďalší autori: | , |
| Médium: | Kniha |
| Jazyk: | Slovak |
| Vydavateľské údaje: |
Bratislava
Vydavateľstvo EKONÓM
2008
|
| Predmet: | |
| Tagy: |
Žiadne tagy, Buďte prvý, kto otaguje tento záznam!
|
MARC
| LEADER | 00000nam$a2200000$$$4500 | ||
|---|---|---|---|
| 001 | 0093151 | ||
| 005 | 20240502072034.8 | ||
| 020 | |a 978-80-225-2590-9 | ||
| 041 | 0 | |a slo | |
| 044 | |a SK | ||
| 245 | 1 | 0 | |a Aktuálne otázky výučby podnikovej ekonomiky |c Darina Orbánová |
| 264 | 1 | |a Bratislava |b Vydavateľstvo EKONÓM |c 2008 | |
| 300 | |a 71 s. | ||
| 610 | 2 | 0 | |a hospodárstvo podnikové |
| 610 | 2 | 0 | |a vyučovanie |
| 610 | 2 | 0 | |a didaktika |
| 100 | 1 | |a Orbánová, Darina | |
| 700 | 1 | |a Velichová, Ľudmila | |
| 700 | 1 | |a Korbelová, Renata | |
| 710 | 2 | |a Ekonomická univerzita v Bratislave. Národohospodárska fakulta | |